Property capital gains tax (Record no. 112878)

MARC details
000 -LEADER
fixed length control field 00623cam a22002295a 4500
001 - CONTROL NUMBER
control field L154182
008 - FIXED-LENGTH DATA ELEMENTS--GENERAL INFORMATION
fixed length control field 111024s2011 xxk f 000 0 eng d
020 ## - INTERNATIONAL STANDARD BOOK NUMBER
International Standard Book Number 9781907302367
035 ## - SYSTEM CONTROL NUMBER
System control number (Sirsi) u154182
041 0# - LANGUAGE CODE
Language code of text/sound track or separate title eng
050 04 - LIBRARY OF CONGRESS CALL NUMBER
Classification number 336.2424
100 1# - MAIN ENTRY--PERSONAL NAME
Personal name Bayley, Carl
245 00 - TITLE STATEMENT
Title Property capital gains tax
250 ## - EDITION STATEMENT
Edition statement 3rd ed.
260 ## - PUBLICATION, DISTRIBUTION, ETC.
Place of publication, distribution, etc. Kirkcaldy
Name of publisher, distributor, etc. Taxcafe
Date of publication, distribution, etc. 2011
520 ## - SUMMARY, ETC.
Summary, etc. A guide explaining how property gains tax is calculated and how tax bills can be reduced.
590 ## - LOCAL NOTE (RLIN)
Local note KA NTK
651 #4 - SUBJECT ADDED ENTRY--GEOGRAPHIC NAME
Geographic name England and Wales
Chronological subdivision 1543-
690 ## - LOCAL SUBJECT ADDED ENTRY--TOPICAL TERM (OCLC, RLIN)
Topical term or geographic name as entry element PROPERTY-PROPERTY TAXATION
942 ## - ADDED ENTRY ELEMENTS (KOHA)
Suppress in OPAC 0
Holdings
Withdrawn status Lost status Source of classification or shelving scheme Damaged status Not for loan Home library Current library Shelving location Date acquired Cost, normal purchase price Total Checkouts Full call number Barcode Date last seen Copy number Cost, replacement price Price effective from Koha item type
    Dewey Decimal Classification     London London Books 26/10/2011 21.21   336.2424 BAY 30079548 06/08/2019 1 21.21 06/08/2019 Book